| 000 | 00497cam a2200193ua 4500 | ||
|---|---|---|---|
| 001 | 599 | ||
| 005 | 20260515113208.0 | ||
| 008 | 110409n ii |||gr||||Z||||||eng | ||
| 020 | _a81-7100-474-1 | ||
| 040 | _cMAIN | ||
| 082 | _a327.540904 | ||
| 245 | 1 | _aIndia`s foreign policy towards 2000ad | |
| 250 | _bedited by R.S. Yadav. | ||
| 260 |
_aDelhi: _bDeep & deep,993. |
||
| 300 | _aviii, 197p:5cm. | ||
| 653 | _aPolitical science | ||
| 653 | _aIndia`s foreign policy towards 2000ad | ||
| 942 | _cBK | ||
| 999 |
_c532 _d532 |
||